000 00798nam a22002057a 4500
999 _c5772
_d5772
003 AR-CdUCM
008 190313b ||||| |||| 00| 0 spa d
040 _aMUNICIPALIDAD PROVINCIAL DEL CUSCO
_cBIBLIOTECA MUNICIPAL DEL CUSCO
082 _a131.34 /
_bF82E
100 _aLopez Ballesteros, Luis
_917155
245 _aTotem y Tabú :
_bUn recuerdo infantil de Leonardo Da Vinci /
260 _aMadrid :
_bBiblioteca Nueva ,
_c1923.
300 _a335 páginas ;
_c21.5 cm.
505 _aContenido : El horror al incesto -- El tabú y la ambivalencia de los sentimientos -- Animismo, magia y omnipotencia de las ideas -- El retorno infantil del totemismo...
650 _aLeonardo Da Vinci
_917156
650 _aAnimismo
_917157
650 _aTotemismo
_917158
942 _2ddc
_cLIBROS
945 _artm